Statistics for Planaria Basic Knowledge

Click here to take the quiz!

General Stats

  • This quiz has been taken 2 times
  • The average score is 6 of 8

Answer Stats

HintAnswer% Correct
How many sub-species of planaria are there?12
100%
Planaria are around 0.5cm to _____cm8
100%
What garden tool do their heads look like?Spade
100%
The main two types of planarian are aquatic and ______Terrestrial
100%
The process of asexual reproduction in Planarian is?Binary Fission
50%
Planaria can extrude the _____ out of their mouthsPharynx
50%
What family is the planaria in?Planariidae
50%
Planaria are mostly found in the ______.United Kingdom
0%

Score Distribution

Percentile by Number Answered

Percent of People with Each Score

Your Score History

You have not taken this quiz